Billie Eilish - Albums par images - Statistiques

Statistiques générales
  • Ce quiz a été pris 431 fois
  • Le résultat moyen est 4 sur 5
Statistiques - réponses
Par images Réponse % Correct
Happier Than Ever
98%
Hit Me Hard and Soft
90%
Don't Smile at Me
80%
When We All Fall Asleep, Where Do We Go?
78%
Guitar Songs
70%
Aucun quiz correspondant
Distribution des résultats
% des personnes avec chaque résultat
Percentile par nombre de réponses
Votre historique - résultats
Vous n’avez pas pris ce quiz